00611nam a2200133Ia 4500008004100000100002700041245009600068245016500164260005300329260000900382300001000391650001500401856006100416170221s9999 xx 000 0 und d aVladimir A. Mishchenko aFeatures of Structural and Functional Model of Students’ Professional Mobility Formation  cVladimir A. Mishchenko, Natalya V. Кharina, Anna V. Molokova, Irina L. Belenok, Aleksandr A. Nikitin, Olga A. Nikitina, Valery F. Glushkov, Nadezhda V. Silkina bInternational Review of Management and Marketing c2016 a6 : 1 xMarketing. uhttp://www.econjournals.com/index.php/irmm/issue/view/64